000 02033nam a2200361 i 4500
003 DO-SdBNP
005 20250728135716.0
007 ta
008 250410s2024 dr ||||| |||| 00| | spa d
020 _a9789945890716
040 _aDO-SdBNP
_bspa
_cBNPHU
_erda
041 _aspa
082 4 _aRD863.44
_bC965n
_222
245 0 3 _aEl cuento de nunca acabar /
_cAvelino Stanley, Rafael Peralta Romero, Emilia Pereyra, Luis R. Santos, Rafael García Romero ; prólogo de Esther Jiménez
250 _aPrimera edición
264 4 _aSanto Domingo :
_bEditorial Doble Infinito
_c©2024.
300 _a180 páginas :
_bilustraciones ;
_c24 cm
336 _ardacontent
_btexto
_2txt
337 _ardamedia
_bsin mediación
_2n
338 _ardacarrier
_bvolumen
_2nc
505 _aPrólogo, 11. -- Avelino Stanley: La caravana, 17. --Versus, 25. --El presentimiento, 35. --El ciego y el ladrón, 43. Rafael Peralta Romero: Bar Tleby, 55. --El zapato, 59. --Palillo profeta, 65. --Robar un diamante, 71. Emilia Pereyra: A los ojos del gato, 81. --Amiga, tu último instante, 85. --Malanoche, 93. --Tres calamares, 99. Luis R. Santos: Los derrotados, 107. --El asaltante que amaba la literatura, 117. --Mariana de las flores, de las mariposas y la soledad, 129. --El otro círculo, 139. Rafael García Romero: una almohada vacía, a tu lado, 149. --Las siete puertas de amor, 153. --Cuentos de Navidad, 163. --Una despedida formal, 175.
590 _aInventariado, 2025/DG
650 7 _aCuentos dominicanos
_9176
_xColecciones
650 7 _aLiteratura dominicana.
_967
_vColecciones
700 1 _aStanley, Avelino,
_d1959-
_eautor
_4aut.
_91536
700 1 _aPeralta Romero, Rafael,
_d1948-
_eautor
_4aut.
_979774
700 1 _aSantos, Luis R.,
_d1958-
_eautor
_q(Luis Rhadamés),
_4aut.
_92849
700 1 _aPereyra, Emilia,
_d1963-
_eautor
_4aut.
_912303
700 1 _aGarcías Romero, Rafael,
_eautor
_4aut.
_987446
700 1 _aJiménez, Esther,
_eprologuista
_4pr.
_988446
910 _aDG. Validado. Control de Calidad/MAA
942 _2ddc
_cLBS1
999 _c58347
_d58347